Normal view
MARC view
- اللغة العربية - كتب دراسية - اللغة العربية - اسئلة
Entry Topical Term
001 - CONTROL NUMBER
- control field: 24538
003 - CONTROL NUMBER IDENTIFIER
- control field: JO-AjAnu
005 - DATE AND TIME OF LATEST TRANSACTION
- control field: 20230606074214.0
008 - FIXED-LENGTH DATA ELEMENTS
- fixed length control field: 230606|| aca||aabn | a|a d
040 ## - CATALOGING SOURCE
- Original cataloging agency: JO-AjAnu
- Transcribing agency: JO-AjAnu
150 ## - HEADING--TOPICAL TERM
- Topical term or geographic name entry element: اللغة العربية - كتب دراسية - اللغة العربية - اسئلة
670 ## - SOURCE DATA FOUND
- Source citation: Work cat.: (JO-AjAnu)12620: تاليف صيني، محمد إسماعيل وآخرون، م.مشارك مصطفى عبد العزيز، م.مشارك مختار الطاهر حسين, author 24537, العربية للناشئين: منهج متكامل لغير الناطقين بالعربية: كتاب التلميذ، الجزء الخامس